000
00320nam a22001337a 4500
008
170628b xxu||||| |||| 00| 0 eng d
020
_a
9780787658366
041
_a
eng
080
_a
82
100
_a
21
101
_a
GJL
245
_a
BECHAM S GUIDE LITERATURE FOR YOUNG ADULTS
_c
PEACOCK.S
942
_2
udc
_c
BK
999
_c
19347
_d
19347